000 00349nam a2200145Ia 4500
008 230524s9999 xx 000 0 und d
082 _a612.3812
_bWAD
100 _aC.L.Wadhwa
245 0 _aElectrical Engineering
260 _aNEW DELHI
_bNew Age
_c2004
300 _aXII;238
500 _aQuantity Number: 2
650 _aElectrical
942 _cBK
999 _c8724
_d8724